000
00199nam a22000977a 4500
082
_a
823
_b
POL/F
100
_a
POLLY
245
_a
THE FIRE FIGHTERS COUNTING BOOK
650
_a
ENGLISH STORY
942
_c
BK
999
_c
7750
_d
7750